| 000 | 01458cam a22003374a 4500 | ||
|---|---|---|---|
| 001 | 13751370 | ||
| 005 | 20050401110228.0 | ||
| 008 | 041014s2005 ne a b 001 0 eng | ||
| 010 | _a2004061043 | ||
| 020 | _a0120445069 (alk. paper) | ||
| 040 |
_aDLC _cDLC _dDLC |
||
| 042 | _apcc | ||
| 050 | 0 | 0 |
_aTK5103.592.F52 _bR348 2005 |
| 082 | 0 | 0 |
_a621.38275 _222 _bRAM |
| 245 | 0 | 0 |
_aRaman Amplification in Fiber Optical Communication Systems / _cClifford Headley, Govind P. Agrawal, Editors. |
| 260 |
_aAmsterdam ; _aBoston : _bElsevier Academic Press, _cc2005. |
||
| 300 |
_axiii, 374 p. : _bill. ; _c24 cm. |
||
| 440 | 0 | _aOptics and photonics | |
| 504 | _aIncludes bibliographical references and index. | ||
| 650 | 0 | _aFiber optics. | |
| 650 | 0 | _aOptical communications. | |
| 650 | 0 | _aOptical amplifiers. | |
| 650 | 0 | _aRaman effect. | |
| 700 | 1 | _aHeadley, Clifford. | |
| 700 | 1 |
_aAgrawal, G. P. _q(Govind P.), _d1951- |
|
| 856 | 4 | 1 |
_3Table of contents _uhttp://www.loc.gov/catdir/toc/els051/2004061043.html |
| 856 | 4 | 2 |
_3Publisher description _uhttp://www.loc.gov/catdir/description/els051/2004061043.html |
| 942 |
_2ddc _cBB |
||
| 999 |
_c10758 _d10758 |
||